[Event "ODEM U25B 2011"]
[Site "Oberhof GER"]
[Date "2011.06.17"]
[Round "8"]
[White "Granzin, David"]
[Black "Jansen, Nina"]
[Result "1/2-1/2"]
[Termination "normal"]
[Board "30"]
[WhiteElo "975"]
[BlackElo "1478"]
[PlyCount "68"]
[WhiteFideId "12922145"]
[BlackFideId "12934500"]
[EventCountry "GER"]
[EventRounds "9"]
[EventType "swiss"]
[EventDate "2011.06.11"]

1. e4 e5 2. Nf3 Nc6 3. d4 exd4 4. Nxd4 Nxd4 5. Qxd4 d6 6. Bf4 c5 7. Qd1 Be6 8.
Nc3 Nf6 9. Qd2 Be7 10. O-O-O O-O 11. Kb1 a6 12. h4 b5 13. h5 h6 14. f3 b4 15.
Nd5 Re8 16. g4 Qa5 17. g5 hxg5 18. Bxg5 Bxd5 19. exd5 Nh7 20. Bxe7 Rxe7 21. Bd3
c4 22. Bxc4 Qc5 23. b3 a5 24. Bd3 Qe3 25. Qg2 Qh6 26. Rdf1 a4 27. f4 a3 28. Qd2
Qf6 29. Qc1 Rae8 30. Rfg1 Kh8 31. c3 Qxc3 32. Qxc3 bxc3 33. Rc1 Nf6 34. Bc4 Re3
1/2-1/2

[Event "ODEM U25B 2011"]
[Site "Oberhof GER"]
[Date "2011.06.17"]
[Round "8"]
[White "Binner, Pascal"]
[Black "Hallbauer, Emil Karlsson"]
[Result "0-1"]
[Termination "normal"]
[Board "31"]
[WhiteElo "975"]
[BlackElo "856"]
[PlyCount "56"]
[WhiteFideId "12949914"]
[EventCountry "GER"]
[EventRounds "9"]
[EventType "swiss"]
[EventDate "2011.06.11"]

1. e4 d6 2. d4 Nf6 3. Nc3 g6 4. Nge2 Bg4 5. f3 Bd7 6. Be3 a6 7. Qd2 Bb5 8. Ng3
c6 9. O-O-O Qa5 10. a3 Nbd7 11. Bg5 c5 12. Bxf6 Nxf6 13. dxc5 Rd8 14. b4 Qxa3+
15. Kb1 Qxb4+ 16. Kc1 Qxc5 17. f4 Rc8 18. Nge2 Qa3+ 19. Kb1 Bxe2 20. Nxe2 Nxe4
21. Qd4 Rc5 22. Ng3 Nc3+ 23. Qxc3 Rxc3 24. Rd3 Rxd3 25. Bxd3 Bg7 26. c3 Bxc3
27. Kc2 Qb2+ 28. Kd1 Qd2# 0-1

[Event "ODEM U25B 2011"]
[Site "Oberhof GER"]
[Date "2011.06.17"]
[Round "8"]
[White "Binner, Jule"]
[Black "Hölzer, Jeanette"]
[Result "1/2-1/2"]
[Termination "normal"]
[Board "32"]
[WhiteElo "831"]
[BlackElo "1108"]
[PlyCount "49"]
[WhiteFideId "16205332"]
[BlackFideId "12917982"]
[EventCountry "GER"]
[EventRounds "9"]
[EventType "swiss"]
[EventDate "2011.06.11"]

1. e4 e5 2. f4 Bc5 3. Nf3 d6 4. Bc4 f6 5. a3 Nc6 6. Nc3 Nge7 7. d3 Bg4 8. Bd2
Qd7 9. h3 Bxf3 10. Qxf3 Nd4 11. Qd1 Ng6 12. f5 Ne7 13. Be3 Nxc2+ 14. Qxc2 Bxe3
15. Qe2 Bd4 16. Nd5 O-O-O 17. Nb4 Kb8 18. Be6 Qb5 19. Qc2 c5 20. Nd5 Nc6 21.
Rb1 g5 22. Nxf6 h5 23. Nd7+ Ka8 24. Nf6 Rh6 25. Nd5 1/2-1/2

[Event "ODEM U25B 2011"]
[Site "Oberhof GER"]
[Date "2011.06.17"]
[Round "8"]
[White "Schumacher, Aaron"]
[Black "Niewrzol, Anton"]
[Result "1-0"]
[Termination "normal"]
[Board "34"]
[WhiteElo "788"]
[BlackElo "835"]
[PlyCount "75"]
[EventCountry "GER"]
[EventRounds "9"]
[EventType "swiss"]
[EventDate "2011.06.11"]

1. d4 d5 2. Bf4 Nf6 3. e3 Nc6 4. c3 Bf5 5. Nf3 e6 6. Nbd2 Be7 7. Be2 O-O 8. Ne5
Nxe5 9. Bxe5 c6 10. g4 Ne4 11. gxf5 Nxd2 12. Qxd2 exf5 13. Bd3 g6 14. f3 f6 15.
Bg3 a6 16. e4 fxe4 17. fxe4 dxe4 18. Bxe4 f5 19. Bd3 Bg5 20. Bc4+ Kg7 21. Bf4
Kh6 22. Rg1 Re8+ 23. Kd1 Kh5 24. Be2+ Rxe2 25. Qxe2+ Kh6 26. Bxg5+ Qxg5 27.
Rxg5 Kxg5 28. Qg2+ Kf6 29. h4 Re8 30. Qg5+ Kg7 31. h5 Re4 32. h6+ Kg8 33. Qd8+
Kf7 34. Qd7+ Kf6 35. Qxh7 Rh4 36. Qg7+ Kg5 37. h7 Rh1+ 38. Kd2 1-0

[Event "ODEM U25B 2011"]
[Site "Oberhof GER"]
[Date "2011.06.17"]
[Round "8"]
[White "Kalina, Joshua"]
[Black "Riehle, Fabio"]
[Result "0-1"]
[Termination "normal"]
[Board "35"]
[WhiteElo "750"]
[BlackElo "808"]
[PlyCount "120"]
[BlackFideId "36052140"]
[EventCountry "GER"]
[EventRounds "9"]
[EventType "swiss"]
[EventDate "2011.06.11"]

1. e4 e5 2. Nf3 Nc6 3. d4 exd4 4. Nxd4 Bc5 5. Be3 Qf6 6. c3 Qg6 7. Bb5 Qxg2 8.
Rf1 Qxe4 9. Bxc6 dxc6 10. Nd2 Qd3 11. Qc2 Qxc2 12. Nxc2 Bxe3 13. Nxe3 Bh3 14.
Rg1 g6 15. O-O-O O-O-O 16. Ndc4 Rxd1+ 17. Rxd1 Nf6 18. Na5 Ng4 19. Nxg4 Bxg4
20. Rd4 h5 21. Rb4 Rd8 22. Kc2 Bd1+ 23. Kc1 c5 24. Nxb7 cxb4 25. Nxd8 Kxd8 26.
Kxd1 bxc3 27. bxc3 f5 28. f4 Kd7 29. Kd2 Kd6 30. Kd3 Kd5 31. c4+ Kc5 32. Kc3 h4
33. h3 Kd6 34. Kb4 a5+ 35. Kxa5 Kc5 36. a4 Kxc4 37. Ka6 Kb4 38. a5 c5 39. Kb6
c4 40. a6 c3 41. a7 c2 42. a8=Q c1=Q 43. Qa5+ Kb3 44. Qb5+ Ka2 45. Qe2+ Qb2+
46. Qxb2+ Kxb2 47. Kc5 Kc3 48. Kd5 Kd3 49. Ke6 Ke4 50. Kf6 Kxf4 51. Kxg6 Ke4
52. Kg5 f4 53. Kxh4 f3 54. Kg3 Ke3 55. h4 f2 56. h5 f1=Q 57. h6 Qf4+ 58. Kg2
Qf3+ 59. Kh2 Kf2 60. h7 Qg2# 0-1

[Event "ODEM U25B 2011"]
[Site "Oberhof GER"]
[Date "2011.06.17"]
[Round "8"]
[White "Lilienthal, Niels Bennett"]
[Black "Eggert, Daniela"]
[Result "1-0"]
[Termination "normal"]
[Board "36"]
[WhiteElo "853"]
[BlackElo "1041"]
[PlyCount "61"]
[WhiteFideId "16205421"]
[BlackFideId "12991490"]
[EventCountry "GER"]
[EventRounds "9"]
[EventType "swiss"]
[EventDate "2011.06.11"]

1. e4 e5 2. Nf3 Nc6 3. Bb5 Nf6 4. Nc3 Bb4 5. O-O d6 6. d3 O-O 7. Bg5 Bxc3 8.
bxc3 Bg4 9. h3 Bh5 10. Re1 h6 11. Bh4 a6 12. Bxc6 bxc6 13. d4 g5 14. Bg3 d5 15.
dxe5 Nxe4 16. Qd3 Nxg3 17. fxg3 Bg6 18. Qd2 Re8 19. Re2 c5 20. Rae1 Re6 21. h4
g4 22. Nh2 h5 23. Qf4 Qe7 24. Qg5 Qf8 25. Nf1 a5 26. Rd1 Rd8 27. a4 Rxe5 28.
Qxe5 Re8 29. Qxe8 Qxe8 30. Rxe8+ Kg7 31. Rxd5 1-0

[Event "ODEM U25B 2011"]
[Site "Oberhof GER"]
[Date "2011.06.17"]
[Round "8"]
[White "Hartewig, Anja"]
[Black "Reyher, Susan"]
[Result "1-0"]
[Termination "normal"]
[Board "38"]
[WhiteElo "1539"]
[BlackElo "1320"]
[PlyCount "69"]
[WhiteFideId "12917966"]
[BlackFideId "24686107"]
[EventCountry "GER"]
[EventRounds "9"]
[EventType "swiss"]
[EventDate "2011.06.11"]

1. d4 d5 2. c4 dxc4 3. Nf3 Nf6 4. e3 a6 5. Bxc4 e6 6. O-O c5 7. a4 Nc6 8. Nc3
cxd4 9. exd4 Nb4 10. Bg5 Nbd5 11. Nxd5 exd5 12. Bd3 Be7 13. h3 O-O 14. Re1 h6
15. Bf4 Be6 16. Qb3 b5 17. axb5 Qb6 18. Qa4 axb5 19. Qxb5 Qxb5 20. Bxb5 Nh5 21.
Bh2 Bb4 22. Rec1 g5 23. Bd3 Ng7 24. Ne5 Bd2 25. Rd1 Rxa1 26. Rxa1 Rb8 27. Nxf7
Rxb2 28. Nxh6+ Kf8 29. Ra8+ Ke7 30. Ra7+ Bd7 31. Nf5+ Nxf5 32. Bxf5 Kf6 33. Bd3
Bb5 34. Be5+ Ke6 35. Rb7 1-0

[Event "ODEM U25B 2011"]
[Site "Oberhof GER"]
[Date "2011.06.18"]
[Round "9"]
[White "Martin, Raphael"]
[Black "Sommer, Konstantin"]
[Result "1-0"]
[Termination "normal"]
[Board "2"]
[WhiteElo "1431"]
[BlackElo "1502"]
[PlyCount "31"]
[WhiteFideId "12952036"]
[BlackFideId "12926213"]
[EventCountry "GER"]
[EventRounds "9"]
[EventType "swiss"]
[EventDate "2011.06.11"]

1. e4 c6 2. c4 d5 3. exd5 cxd5 4. cxd5 Nf6 5. Qa4+ Bd7 6. Qb3 g6 7. Qxb7 Qb6 8.
Qxa8 Bc8 9. d6 Bg7 10. Nc3 O-O 11. Qf3 Bb7 12. Qe3 Qc6 13. Nf3 exd6 14. Bb5 Qc7
15. O-O d5 16. d4 1-0

[Event "ODEM U25B 2011"]
[Site "Oberhof GER"]
[Date "2011.06.18"]
[Round "9"]
[White "Kempe, Markus"]
[Black "Werner, Justus"]
[Result "1-0"]
[Termination "normal"]
[Board "3"]
[WhiteElo "1468"]
[BlackElo "1344"]
[PlyCount "67"]
[WhiteFideId "24692638"]
[BlackFideId "12941107"]
[EventCountry "GER"]
[EventRounds "9"]
[EventType "swiss"]
[EventDate "2011.06.11"]

1. e4 c5 2. Nf3 d6 3. d4 cxd4 4. Nxd4 Nf6 5. Nc3 a6 6. Bg5 e6 7. f4 Qb6 8. Nb3
Nc6 9. Qf3 Bd7 10. O-O-O h5 11. Bd3 Be7 12. h3 O-O-O 13. Rhe1 Kb8 14. Kb1 Rc8
15. e5 Ne8 16. exd6 Nxd6 17. Bf1 f6 18. Bh4 Qc7 19. Nc5 Rce8 20. Nxe6 Bxe6 21.
Rxe6 Nf5 22. Bf2 Bd6 23. Nd5 Qa5 24. Rxe8+ Rxe8 25. g4 hxg4 26. hxg4 Nfe7 27.
Nxf6 gxf6 28. Rxd6 Rd8 29. Rxd8+ Qxd8 30. Qd3 Qc7 31. Be3 Nb4 32. Qc4 Qa5 33.
Bd2 Qd8 34. Qxb4 1-0

[Event "ODEM U25B 2011"]
[Site "Oberhof GER"]
[Date "2011.06.18"]
[Round "9"]
[White "von Reppert, Marc"]
[Black "Nobis, Philipp"]
[Result "1/2-1/2"]
[Termination "normal"]
[Board "4"]
[WhiteElo "1438"]
[BlackElo "1396"]
[PlyCount "63"]
[WhiteFideId "12918130"]
[BlackFideId "24602183"]
[EventCountry "GER"]
[EventRounds "9"]
[EventType "swiss"]
[EventDate "2011.06.11"]

1. d4 d5 2. c4 c6 3. Nc3 Nf6 4. Nf3 e6 5. e3 Be7 6. Bd3 O-O 7. O-O Nbd7 8. Re1
Re8 9. e4 dxe4 10. Nxe4 Nxe4 11. Bxe4 Nf6 12. Bc2 Bd6 13. Bg5 Be7 14. Ne5 Qb6
15. Bxf6 Bxf6 16. Bxh7+ Kf8 17. Qh5 Qc7 18. Bc2 Rd8 19. Rad1 b6 20. Qe2 Bb7 21.
b3 c5 22. dxc5 bxc5 23. Rxd8+ Rxd8 24. Nd3 Bd4 25. Rd1 Qa5 26. Bb1 Qb6 27. Qh5
Qd6 28. Kf1 Ke7 29. Qg5+ Bf6 30. Qg3 Be5 31. Qg5+ Bf6 32. Qg3 1/2-1/2

[Event "ODEM U25B 2011"]
[Site "Oberhof GER"]
[Date "2011.06.18"]
[Round "9"]
[White "Herrmann, Heribert"]
[Black "Siegl, Adrian"]
[Result "0-1"]
[Termination "normal"]
[Board "5"]
[WhiteElo "1274"]
[BlackElo "1412"]
[PlyCount "124"]
[WhiteFideId "12971715"]
[BlackFideId "12930156"]
[EventCountry "GER"]
[EventRounds "9"]
[EventType "swiss"]
[EventDate "2011.06.11"]

1. Nf3 d5 2. e3 Nf6 3. c4 e6 4. Nc3 Nbd7 5. b3 b6 6. Bb2 Bb7 7. cxd5 exd5 8. d4
Bb4 9. a3 Bxc3+ 10. Bxc3 O-O 11. Bd3 Rc8 12. O-O c5 13. Rc1 c4 14. Be2 b5 15.
b4 a6 16. Nd2 Re8 17. Re1 Bc6 18. Bf3 Re7 19. g3 Nb6 20. Bg2 Qc7 21. f3 Rce8
22. Re2 h6 23. Kf2 Qd6 24. Qc2 Nc8 25. Rce1 Qe6 26. e4 dxe4 27. fxe4 Ng4+ 28.
Kg1 Qg6 29. Nf1 Bb7 30. d5 Qb6+ 31. Ne3 Bxd5 32. Kh1 Nxe3 33. Rxe3 Nd6 34. e5
Bxg2+ 35. Qxg2 Nf5 36. Re4 Qc6 37. Rd1 f6 38. Rde1 Nd6 39. R4e2 Qxg2+ 40. Kxg2
fxe5 41. Rxe5 Rxe5 42. Bxe5 Nf7 43. Bc3 Rxe1 44. Bxe1 Kf8 45. Kf2 Ke7 46. Ke3
g5 47. Ke4 Ke6 48. g4 Ne5 49. h3 Nd3 50. Bg3 Nc1 51. Bh2 Nb3 52. Bg3 c3 53. Kd3
Nd4 54. Bf2 c2 55. Be3 Kd5 56. Kd2 Kc4 57. Bxd4 Kxd4 58. Kxc2 Ke3 59. Kc3 Kf3
60. Kd3 Kg3 61. Ke3 Kxh3 62. Kf3 Kh4 0-1

[Event "ODEM U25B 2011"]
[Site "Oberhof GER"]
[Date "2011.06.18"]
[Round "9"]
[White "Wolfer, Joshua"]
[Black "Edel, Fenja"]
[Result "1-0"]
[Termination "normal"]
[Board "6"]
[WhiteElo "1550"]
[BlackElo "1537"]
[PlyCount "39"]
[WhiteFideId "12945668"]
[BlackFideId "24696749"]
[EventCountry "GER"]
[EventRounds "9"]
[EventType "swiss"]
[EventDate "2011.06.11"]

1. e4 e6 2. d4 d5 3. e5 c5 4. c3 Nc6 5. Nf3 Bd7 6. Bd3 Qb6 7. Bc2 Nh6 8. O-O
Nf5 9. Bxf5 exf5 10. dxc5 Qxc5 11. Be3 Qb5 12. b4 Be6 13. a4 Qc4 14. Na3 Qxc3
15. Nb5 Qxb4 16. Nc7+ Kd7 17. Nxa8 Bc5 18. Rb1 Qa5 19. Rxb7+ Kc8 20. Rb5 1-0

[Event "ODEM U25B 2011"]
[Site "Oberhof GER"]
[Date "2011.06.18"]
[Round "9"]
[White "Hoppe, Andreas"]
[Black "Hartewig, Anja"]
[Result "1-0"]
[Termination "normal"]
[Board "7"]
[WhiteElo "1307"]
[BlackElo "1539"]
[PlyCount "119"]
[WhiteFideId "12922811"]
[BlackFideId "12917966"]
[EventCountry "GER"]
[EventRounds "9"]
[EventType "swiss"]
[EventDate "2011.06.11"]

1. d4 d5 2. Bf4 Nf6 3. e3 e6 4. Nc3 a6 5. f3 c5 6. Qd2 cxd4 7. exd4 Nc6 8. g4
h6 9. Nge2 Bd6 10. Bxd6 Qxd6 11. Bg2 b5 12. h4 Bb7 13. h5 Na5 14. b3 Nc6 15.
O-O O-O-O 16. a4 b4 17. Nd1 Kb8 18. Ne3 Rdg8 19. c4 g6 20. hxg6 Rxg6 21. c5 Qc7
22. Nc2 a5 23. Qf4 Qxf4 24. Nxf4 Rg7 25. Kf2 h5 26. Rh1 Rgh7 27. g5 Nd7 28. Nd3
e5 29. Bh3 e4 30. Bxd7 exd3 31. Bxc6 Bxc6 32. Ne3 Rg8 33. Rag1 Kc7 34. Ke1 Bb7
35. Kd2 Kc6 36. Kxd3 Bc8 37. f4 Rg6 38. f5 Rg8 39. g6 fxg6 40. Rxg6+ Rxg6 41.
fxg6 Rh6 42. g7 Rg6 43. Rxh5 Rxg7 44. Rxd5 Re7 45. Rd6+ Kb7 46. Rb6+ Ka7 47.
Rb5 Ba6 48. Nd5 Rb7 49. Kc4 Kb8 50. c6 Bxb5+ 51. axb5 Rf7 52. b6 Rg7 53. Nf6
Kc8 54. b7+ Kc7 55. Nd7 Rg8 56. b8=Q+ Rxb8 57. Nxb8 Kxb8 58. Kc5 a4 59. Kxb4
axb3 60. Kxb3 1-0

[Event "ODEM U25B 2011"]
[Site "Oberhof GER"]
[Date "2011.06.18"]
[Round "9"]
[White "Oltmanns, Bianca"]
[Black "Fischer, Felix"]
[Result "1-0"]
[Termination "normal"]
[Board "8"]
[WhiteElo "1645"]
[BlackElo "1373"]
[PlyCount "119"]
[WhiteFideId "24698008"]
[EventCountry "GER"]
[EventRounds "9"]
[EventType "swiss"]
[EventDate "2011.06.11"]

1. e4 e5 2. Nf3 Nc6 3. Bb5 a6 4. Ba4 Nf6 5. O-O d6 6. Re1 Bg4 7. c3 Be7 8.
Bxc6+ bxc6 9. d4 exd4 10. cxd4 O-O 11. Nbd2 Re8 12. b3 d5 13. e5 Nd7 14. Bb2 c5
15. h3 Bf5 16. Rc1 cxd4 17. Nxd4 c5 18. Nxf5 Qb6 19. Qg4 Qg6 20. Qxg6 hxg6 21.
Nxe7+ Rxe7 22. Nf3 a5 23. Ba3 Rc8 24. Rcd1 Nb6 25. Rc1 Nd7 26. Bb2 Ra8 27. Red1
d4 28. Re1 Ree8 29. Ba3 Rec8 30. Rc2 Kh8 31. Rcc1 Kg8 32. Bb2 Kf8 33. Rcd1 Kg8
34. Kh2 Kf8 35. Kg3 Kg8 36. h4 Rc6 37. Rc1 Rcc8 38. Rcd1 Rc6 39. Ba3 Kh8 40.
Ng5 Kg8 41. Nf3 Rcc8 42. Bb2 Rc6 43. Rd2 Kh8 44. Ng5 Kg8 45. f4 Kf8 46. Rdd1
Kg8 47. Nf3 Kh8 48. Nd2 Nf8 49. Ba3 Ne6 50. Rc1 Rac8 51. Rc4 f5 52. Rec1 Kg8
53. Nf3 Kf7 54. Ng5+ Nxg5 55. hxg5 Ke6 56. Rxc5 Rxc5 57. Rxc5 Rxc5 58. Bxc5 d3
59. Kf3 Kd5 60. Bb6 1-0

[Event "ODEM U25B 2011"]
[Site "Oberhof GER"]
[Date "2011.06.18"]
[Round "9"]
[White "Denkert, Robert"]
[Black "Buchallik, Jakob"]
[Result "1-0"]
[Termination "normal"]
[Board "9"]
[WhiteElo "1220"]
[BlackElo "1451"]
[PlyCount "55"]
[WhiteFideId "12957216"]
[BlackFideId "12945749"]
[EventCountry "GER"]
[EventRounds "9"]
[EventType "swiss"]
[EventDate "2011.06.11"]

1. e4 e5 2. Nf3 Nc6 3. Bc4 Nf6 4. d3 Bc5 5. c3 O-O 6. Bg5 d6 7. a4 a5 8. Nbd2
Be6 9. Qb3 Bxc4 10. Qxc4 Bb6 11. O-O Qe7 12. Rfe1 Qe6 13. Rad1 d5 14. exd5 Nxd5
15. d4 f6 16. Ne4 fxg5 17. Nfxg5 Qd7 18. dxe5 Nce7 19. e6 Qc6 20. Qd3 Qxa4 21.
c4 Nb4 22. Nf6+ Rxf6 23. Qxh7+ Kf8 24. Qh8+ Ng8 25. Nh7+ Ke7 26. Qxg7+ Ke8 27.
Nxf6+ Nxf6 28. Qf7# 1-0

[Event "ODEM U25B 2011"]
[Site "Oberhof GER"]
[Date "2011.06.18"]
[Round "9"]
[White "Grimm, Tobias"]
[Black "Goujov, Alexander"]
[Result "1/2-1/2"]
[Termination "normal"]
[Board "10"]
[WhiteElo "1439"]
[BlackElo "1309"]
[PlyCount "74"]
[EventCountry "GER"]
[EventRounds "9"]
[EventType "swiss"]
[EventDate "2011.06.11"]

1. e4 e6 2. d4 d5 3. exd5 exd5 4. Nf3 Bd6 5. Bd3 Bg4 6. Nc3 Ne7 7. Qe2 O-O 8.
O-O Nbc6 9. Be3 Re8 10. Bxh7+ Kh8 11. Bd3 g6 12. Qd1 Kg7 13. Be2 Rh8 14. g3 Qd7
15. Ne5 Nxe5 16. dxe5 Bxe2 17. Qxe2 Qh3 18. f4 Nf5 19. Rf2 d4 20. exd6 dxe3 21.
Rg2 Rad8 22. Ne4 cxd6 23. Ng5 Qh6 24. g4 Nh4 25. Rg3 Rde8 26. Rf1 f6 27. Nh3 d5
28. Rxe3 Rxe3 29. Qxe3 Nf5 30. gxf5 Qxh3 31. Qxh3 Rxh3 32. Kg2 Re3 33. Rf3 Re2+
34. Rf2 Rxf2+ 35. Kxf2 gxf5 36. Ke3 Kg6 37. Kf3 d4 1/2-1/2

[Event "ODEM U25B 2011"]
[Site "Oberhof GER"]
[Date "2011.06.18"]
[Round "9"]
[White "Fabiunke, Jakob"]
[Black "Oberhofer, Cédric"]
[Result "1-0"]
[Termination "normal"]
[Board "11"]
[WhiteElo "1344"]
[BlackElo "1409"]
[PlyCount "137"]
[WhiteFideId "24686085"]
[BlackFideId "12941220"]
[EventCountry "GER"]
[EventRounds "9"]
[EventType "swiss"]
[EventDate "2011.06.11"]

1. d4 Nf6 2. c4 c5 3. d5 e6 4. Nc3 exd5 5. Nxd5 d6 6. Nf3 g6 7. g3 Bg7 8. Bg2
O-O 9. O-O Nbd7 10. Bf4 Nxd5 11. Qxd5 Bxb2 12. Rab1 Be5 13. Nxe5 dxe5 14. Bxe5
Re8 15. Bf4 Rxe2 16. Qd3 Rxa2 17. Bxb7 Bxb7 18. Rxb7 Nf8 19. Qf3 Ne6 20. Be3
Qe8 21. Rd1 Rb8 22. Rbd7 Kg7 23. h4 Ra1 24. Qxf7+ Qxf7 25. Rxf7+ Kxf7 26. Rxa1
Rb7 27. Ra5 Rc7 28. Kf1 Kf6 29. Ke1 Kf5 30. Kd2 Ke4 31. Kc3 Nd4 32. Kb2 Kd3 33.
Bf4 Rb7+ 34. Ka2 Kxc4 35. Bd6 Ne6 36. f4 Kd5 37. Be5 Kc4 38. Bd6 h5 39. Ka3
Rb3+ 40. Ka2 Rxg3 41. Rxa7 Rg4 42. Bb8 Rxh4 43. f5 Nd4 44. fxg6 Rg4 45. g7 Kb5
46. Be5 Nf5 47. Rf7 Nh6 48. Rf6 Ng8 49. Rf8 Nh6 50. Rh8 Nf7 51. Bb2 Rxg7 52.
Rb8+ Kc6 53. Bxg7 h4 54. Rf8 Ng5 55. Rh8 h3 56. Bf6 Ne4 57. Rxh3 Nxf6 58. Rh6
Kb5 59. Rxf6 Kb4 60. Kb2 Kc4 61. Kc2 Kd4 62. Rf4+ Ke5 63. Rh4 Kd6 64. Kc3 Kd5
65. Rh5+ Kd6 66. Kc4 Kc6 67. Rxc5+ Kd6 68. Ra5 Ke6 69. Kd4 1-0

[Event "ODEM U25B 2011"]
[Site "Oberhof GER"]
[Date "2011.06.18"]
[Round "9"]
[White "Alt, Elisabeth"]
[Black "Eggert, André"]
[Result "0-1"]
[Termination "normal"]
[Board "12"]
[WhiteElo "1402"]
[BlackElo "1517"]
[PlyCount "84"]
[WhiteFideId "24692620"]
[BlackFideId "1270464"]
[EventCountry "GER"]
[EventRounds "9"]
[EventType "swiss"]
[EventDate "2011.06.11"]

1. e4 d5 2. exd5 Qxd5 3. Nc3 Qa5 4. g3 Nf6 5. Bg2 c6 6. Nge2 Bg4 7. h3 Bh5 8.
d3 e6 9. O-O Nbd7 10. a3 Bd6 11. Be3 O-O 12. Qd2 Bxe2 13. Nxe2 Qxd2 14. Bxd2
Rac8 15. b4 b6 16. Nd4 Be5 17. Nxc6 Bxa1 18. Ne7+ Kh8 19. Nxc8 Rxc8 20. Rxa1
Rxc2 21. Rc1 Rxd2 22. Rc8+ Ng8 23. Rc7 Rxd3 24. Rxa7 Ne5 25. Bf1 Rd6 26. b5 Nd7
27. a4 f6 28. f4 Nc5 29. a5 bxa5 30. Rxa5 Rb6 31. Ra8 h6 32. Rc8 Ne4 33. g4 Nd6
34. Rc5 Ne7 35. h4 Nec8 36. Rc7 Rb7 37. Rc6 Kg8 38. Bc4 Kf7 39. f5 Nxc4 40.
Rxc4 Nd6 41. Rc6 Ke7 42. b6 exf5 0-1

[Event "ODEM U25B 2011"]
[Site "Oberhof GER"]
[Date "2011.06.18"]
[Round "9"]
[White "Bauer, David"]
[Black "Müller, Philipp"]
[Result "1/2-1/2"]
[Termination "normal"]
[Board "13"]
[WhiteElo "1531"]
[BlackElo "1328"]
[PlyCount "66"]
[WhiteFideId "12913197"]
[EventCountry "GER"]
[EventRounds "9"]
[EventType "swiss"]
[EventDate "2011.06.11"]

1. e4 e5 2. Nf3 Nc6 3. Bc4 Bc5 4. c3 Nf6 5. d4 exd4 6. cxd4 Bb4+ 7. Nc3 Nxe4 8.
O-O Bxc3 9. d5 Bf6 10. Re1 Ne7 11. Rxe4 d6 12. Bg5 Bxg5 13. Nxg5 O-O 14. Qe2
Ng6 15. Qh5 h6 16. Ne6 fxe6 17. Qxg6 e5 18. Rxe5 dxe5 19. d6+ Kh8 20. Bd3 Rf5
21. Bxf5 Bxf5 22. Qxf5 Qxd6 23. Qf3 Rd8 24. Kf1 c6 25. Re1 Qd5 26. Qc3 Re8 27.
a3 Qe6 28. Qe3 b6 29. Qd3 Qd5 30. Qe2 Qb5 31. Qxb5 cxb5 32. Rd1 Re6 33. Ke2 Kh7
1/2-1/2

[Event "ODEM U25B 2011"]
[Site "Oberhof GER"]
[Date "2011.06.18"]
[Round "9"]
[White "Wolf, Sascha"]
[Black "Weber, Yannik"]
[Result "0-1"]
[Termination "normal"]
[Board "14"]
[WhiteElo "1358"]
[BlackElo "1542"]
[PlyCount "82"]
[BlackFideId "24692700"]
[EventCountry "GER"]
[EventRounds "9"]
[EventType "swiss"]
[EventDate "2011.06.11"]

1. e4 e5 2. Nf3 Nc6 3. Bc4 Bc5 4. c3 d6 5. d4 exd4 6. cxd4 Bb4+ 7. Bd2 Bxd2+ 8.
Nbxd2 Qf6 9. Nb3 Bg4 10. Be2 Nge7 11. h3 Bd7 12. Qc2 O-O 13. O-O-O Nb4 14. Qc4
Qf4+ 15. Nbd2 a5 16. g3 Qh6 17. a3 Ba4 18. axb4 Bxd1 19. Bxd1 axb4 20. Qxb4
Rfb8 21. Bc2 Nc6 22. Qc3 Ra1+ 23. Bb1 Na7 24. b3 Ra6 25. Bd3 Rc6 26. Bc4 b5 27.
d5 Rc5 28. Qa5 Ra8 29. Qa6 Qf6 30. Kc2 bxc4 31. bxc4 Qd8 32. Rb1 Nc6 33. Qxa8
Qxa8 34. dxc6 g6 35. Nd4 Qa4+ 36. N4b3 Rxc4+ 37. Nxc4 Qxc4+ 38. Kd2 Qxc6 39.
Kd3 Qb5+ 40. Ke3 Qb6+ 41. Kf3 Qb4 0-1

[Event "ODEM U25B 2011"]
[Site "Oberhof GER"]
[Date "2011.06.18"]
[Round "9"]
[White "Rößler, Linus Benedict"]
[Black "Puffay, Jana"]
[Result "1-0"]
[Termination "normal"]
[Board "15"]
[WhiteElo "1523"]
[BlackElo "1394"]
[PlyCount "75"]
[WhiteFideId "12921076"]
[BlackFideId "24692360"]
[EventCountry "GER"]
[EventRounds "9"]
[EventType "swiss"]
[EventDate "2011.06.11"]

1. e4 c5 2. Nf3 Nc6 3. d4 cxd4 4. Nxd4 g6 5. Nc3 Bg7 6. Be3 Nf6 7. Bc4 Qa5 8.
O-O O-O 9. Bb3 d6 10. h3 Bd7 11. f4 Nxd4 12. Bxd4 e5 13. Be3 Qc7 14. Rf2 Bc6
15. Qf3 Nxe4 16. Nxe4 d5 17. Nf6+ Bxf6 18. Bxd5 Bxd5 19. Qxd5 Rad8 20. Qc5 Qxc5
21. Bxc5 Rfe8 22. fxe5 Bxe5 23. Bxa7 Bxb2 24. Rb1 Ba3 25. Rxb7 Rd1+ 26. Rf1
Rxf1+ 27. Kxf1 Rc8 28. Rb8 Rxb8 29. Bxb8 f5 30. Ke2 Kf7 31. Kd3 Ke6 32. c4 Bb2
33. a4 Kd7 34. Ba7 Kc6 35. c5 Kb7 36. Bb6 Kc6 37. Kc4 Bf6 38. a5 1-0

[Event "ODEM U25B 2011"]
[Site "Oberhof GER"]
[Date "2011.06.18"]
[Round "9"]
[White "Cejda, Moritz"]
[Black "Titgemeyer, Eva Maria"]
[Result "0-1"]
[Termination "normal"]
[Board "16"]
[WhiteElo "1179"]
[BlackElo "1361"]
[PlyCount "118"]
[WhiteFideId "12925152"]
[BlackFideId "24655350"]
[EventCountry "GER"]
[EventRounds "9"]
[EventType "swiss"]
[EventDate "2011.06.11"]

1. e4 e5 2. Nf3 Nc6 3. Bc4 Nf6 4. d4 exd4 5. O-O Nxe4 6. Re1 d5 7. Bxd5 Qxd5 8.
Nc3 Qa5 9. Nxe4 Be6 10. Neg5 O-O-O 11. Nxe6 fxe6 12. Rxe6 Bd6 13. h3 Qf5 14.
Qe2 h6 15. Bd2 Qxc2 16. Qb5 Qc5 17. Qxc5 Bxc5 18. Rc1 Bb6 19. Rc4 Rhf8 20. b4
a6 21. a4 Kb8 22. b5 axb5 23. axb5 Na7 24. Re5 Rfe8 25. Rxe8 Rxe8 26. Rb4 Ba5
27. Rxd4 Bxd2 28. b6 Ba5 29. bxa7+ Kxa7 30. Ra4 Ka6 31. Nd4 b5 32. Ra2 Kb6 33.
Nf5 Bc3 34. Rc2 Bf6 35. Rd2 c5 36. Rd6+ Kc7 37. Ra6 Rb8 38. Nxh6 Rb6 39. Rxb6
Kxb6 40. Nf5 b4 41. Ne3 b3 42. Kf1 b2 43. Nc4+ Kb5 44. Nxb2 Bxb2 45. Ke2 c4 46.
Kd2 c3+ 47. Kc2 Kc5 48. g4 Kd5 49. h4 Ke5 50. h5 Kf6 51. f4 Ba3 52. g5+ Kf7 53.
f5 Be7 54. g6+ Kf6 55. Kxc3 Kg5 56. Kc4 Kxh5 57. Kd5 Kg5 58. Ke5 Bf6+ 59. Ke6
Kf4 0-1

[Event "ODEM U25B 2011"]
[Site "Oberhof GER"]
[Date "2011.06.18"]
[Round "9"]
[White "Mann, Jonas"]
[Black "Stein, Daniel"]
[Result "1-0"]
[Termination "normal"]
[Board "19"]
[WhiteElo "1381"]
[BlackElo "1252"]
[PlyCount "45"]
[WhiteFideId "12900214"]
[BlackFideId "12939307"]
[EventCountry "GER"]
[EventRounds "9"]
[EventType "swiss"]
[EventDate "2011.06.11"]

1. c4 e5 2. Nc3 Nf6 3. g3 Bc5 4. Bg2 Nc6 5. e3 d6 6. Nge2 a6 7. a3 O-O 8. O-O
Bd7 9. b4 Ba7 10. Bb2 Qc8 11. Nd5 Nxd5 12. cxd5 Ne7 13. d4 Ng6 14. dxe5 Nxe5
15. Bxe5 dxe5 16. Rc1 Qd8 17. a4 Bg4 18. Qd2 Qd6 19. Rc4 Be6 20. Rd1 Rfd8 21.
Nc3 c6 22. Ne4 Qd7 23. dxe6 1-0